| 000 | 02365nam a2200445 a 4500 | ||
|---|---|---|---|
| 001 | ebr10504850 | ||
| 003 | CaPaEBR | ||
| 006 | m u | ||
| 007 | cr cn||||||||| | ||
| 008 | 110720s2011 cauad sb 000 0 eng d | ||
| 010 | _z 2011029057 | ||
| 020 | _z9780833050427 (pbk. : alk. paper) | ||
| 020 | _z9780833058867 (e-book) | ||
| 040 |
_aCaPaEBR _cCaPaEBR |
||
| 035 | _a(OCoLC)747818635 | ||
| 043 |
_aa-cc--- _aa-ii--- |
||
| 050 | 1 | 4 |
_aHD77.5.C6 _bC45 2011eb |
| 082 | 0 | 4 |
_a338.951054 _223 |
| 245 | 0 | 0 |
_aChina and India, 2025 _h[electronic resource] : _ba comparative assessment / _cCharles Wolf, Jr. ... [et al.]. |
| 260 |
_aSanta Monica, Calif. : _bRAND, _c2011. |
||
| 300 |
_axxiv, 145 p. : _bill. (some col.) |
||
| 500 | _a"Prepared for the Office of the Secretary of Defense. Approved for public release; distribution unlimited." | ||
| 504 | _aIncludes bibliographical references. | ||
| 505 | 0 | _aObjectives, background, context -- Population trends in China and India: -- Demographic dividend or demographic drag? -- China-India: a macroeconomic assessment -- Science and technology -- Chinese & Indian defense and defense procurement spending to 2025 -- Conclusions and implications -- Appendix A: Meta-analysis of economic growth in Dhina and India -- Appendix B: Detailed calculations for and additional figures showing the projections in Chapter Four -- Appendix C: Analytic tables. | |
| 533 |
_aElectronic reproduction. _bPalo Alto, Calif. : _cebrary, _d2011. _nAvailable via World Wide Web. _nAccess may be limited to ebrary affiliated libraries. |
||
| 650 | 0 |
_aEconomic development _zChina _xForecasting. |
|
| 650 | 0 |
_aEconomic development _zIndia _xForecasting. |
|
| 650 | 0 |
_aTechnological innovations _zChina. |
|
| 650 | 0 |
_aTechnological innovations _zIndia. |
|
| 651 | 0 |
_aChina _xPopulation. |
|
| 651 | 0 |
_aIndia _xPopulation. |
|
| 651 | 0 |
_aChina _xArmed Forces _xAppropriations and expenditures. |
|
| 651 | 0 |
_aIndia _xArmed Forces _xAppropriations and expenditures. |
|
| 655 | 7 |
_aElectronic books. _2local |
|
| 700 | 1 |
_aWolf, Charles, _d1924- |
|
| 710 | 2 | _aRand Corporation. | |
| 710 | 1 |
_aUnited States. _bDept. of Defense. _bOffice of the Secretary of Defense. |
|
| 710 | 2 | _aebrary, Inc. | |
| 856 | 4 | 0 |
_uhttp://site.ebrary.com/lib/rucke/Doc?id=10504850 _zAn electronic book accessible through the World Wide Web; click to view |
| 999 |
_c113760 _d113760 |
||